|
|
|
|
| LEADER |
00000nas a2200000 a 4500 |
| 001 |
ssj0006387 |
| 003 |
WaSeSS |
| 005 |
20200512172242.0 |
| 006 |
m d |
| 007 |
cr n |
| 008 |
750523u1950uuuudcumn p s f0 a0eng c |
| 010 |
|
|
|a 50028682
|z sn 78003938
|
| 016 |
7 |
|
|a 009875988
|2 Uk
|
| 022 |
|
|
|l 0037-4938
|y 0037-4938
|
| 030 |
|
|
|a SGNAAZ
|
| 032 |
|
|
|a 496300
|b USPS
|
| 035 |
|
|
|a (WaSeSS)ssj0006387
|
| 040 |
|
|
|a NSD
|b eng
|c NSD
|d DLC
|d OCL
|d NSD
|d DLC
|d NSD
|d AIP
|d HUL
|d NSD
|d DLC
|d NSD
|d NST
|d OCL
|d DLC
|d OCLCQ
|d UKMGB
|d DMF
|d OCLCF
|d LIP
|d U3G
|d OCLCQ
|d WaSeSS
|
| 042 |
|
|
|a pcc
|a nsdp
|
| 050 |
0 |
0 |
|a UG1
|b .M65
|
| 082 |
0 |
4 |
|a 358/.24
|2 19
|
| 130 |
0 |
|
|a Signals (Washington, D.C. : 1950)
|
| 210 |
0 |
|
|a Signal
|b (1950)
|
| 222 |
|
0 |
|a Signal
|b (1950)
|
| 245 |
1 |
0 |
|a Signals
|h [electronic resource] /
|c Armed Forces Communications Association.
|
| 246 |
3 |
0 |
|a Signal
|
| 260 |
|
|
|a [Washington, D.C.] :
|b The Association,
|c [©1950-
|
| 310 |
|
|
|a Monthly (except May/June combined),
|b <July 1981->
|
| 321 |
|
|
|a Bimonthly,
|b <Mar.-Apr. 1950->
|
| 362 |
0 |
|
|a [Vol. 4, no. 4] (Mar.-Apr. 1950)-
|
| 500 |
|
|
|a Some issues have title: Signal.
|
| 500 |
|
|
|a Title from cover.
|
| 506 |
|
|
|a License restrictions may limit access.
|
| 550 |
|
|
|a Volumes for -Nov./Dec. 1954 issued by Armed Forces Communications Association; for Jan./Feb. 1955- by Armed Forces Communications and Electronics Association.
|
| 588 |
|
|
|a Latest issue consulted: Vol. 4, no. 6 (July-Aug. 1950).
|
| 650 |
|
0 |
|a Signals and signaling
|v Periodicals.
|
| 650 |
|
0 |
|a Communications, Military
|v Periodicals.
|
| 650 |
|
0 |
|a Military telecommunication
|v Periodicals.
|
| 650 |
|
7 |
|a Communications, Military.
|2 fast
|0 (OCoLC)fst00870348
|
| 650 |
|
7 |
|a Military telecommunication.
|2 fast
|0 (OCoLC)fst01021519
|
| 650 |
|
7 |
|a Signals and signaling.
|2 fast
|0 (OCoLC)fst01118311
|
| 655 |
|
0 |
|a Electronic journals.
|
| 710 |
2 |
|
|a Armed Forces Communications Association.
|
| 710 |
2 |
|
|a Armed Forces Communications and Electronics Association (U.S.)
|
| 780 |
0 |
0 |
|t Military signals
|w (DLC) 88647296
|w (OCoLC)12384897
|
| 850 |
|
|
|a CaSRU
|a CoU
|a DLC
|a MH-SI
|a NcD
|
| 856 |
4 |
0 |
|z Full text available from Research Library: 01/01/1997 to present
|u https://search.proquest.com/publication/47641
|